Ιστορία της Λέσβου

Αποθηκεύτηκε σε:
Λεπτομέρειες βιβλιογραφικής εγγραφής
Συγγραφή απο Οργανισμό/Αρχή: Σύνδεσμος Φιλολόγων Λέσβου
Άλλοι συγγραφείς: Τζιμής, Στρατής
Μορφή: Βιβλίο
Γλώσσα:Greek
Δημοσίευση: Μυτιλήνη : Σύνδεσμος Φιλολόγων Ν. Λέσβου, 2001.
Έκδοση:5η έκδ.
Θέματα:
Ετικέτες: Προσθήκη ετικέτας
Δεν υπάρχουν, Καταχωρήστε ετικέτα πρώτοι!

MARC

LEADER 00000cam a2200000 i 4500
001 1/31902
008 030129s2001 gr | ||| |||| ||gre||
035 |l 10069241 
040 |a GR-MyUa  |b gre  |e AACR2 
041 0 |a gre 
082 7 |a 938.974   |2 (21) 
245 0 0 |a Ιστορία της Λέσβου /   |c Στρ. Τζιμής ... [κ. ά.]. 
250 |a 5η έκδ. 
260 |a Μυτιλήνη :   |b Σύνδεσμος Φιλολόγων Ν. Λέσβου,   |c 2001. 
300 |a 319 σ. :   |b εικ. ;   |c 25 εκ. 
504 |a Περιλαμβάνει βιβλιογραφίκές παραπομπές και ευρετήριο. 
651 0 |a Lesbos Island (Greece)  |x History. 
651 0 |a Lesbos Island (Greece)  |x Antiquities. 
700 1 |a Τζιμής, Στρατής. 
710 2 |a Σύνδεσμος Φιλολόγων Λέσβου. 
852 |a INST  |b CHIOS  |e 20030129  |h 938.974 ΙΣΤ  |p 005200013075  |q 005200013075  |t BK  |y 0 
852 |a INST  |b LESVOS  |e 20030129  |h 938.974 ΙΣΤ  |p 005100026969  |q 005100026969  |t BK  |y 0 
852 |a INST  |b RHODES  |e 20030129  |h 938.974 ΙΣΤ  |p 005400020578  |q 005400020578  |t BK  |y 0 
852 |a INST  |b SAMOS  |e 20030129  |h 938.974 ΙΣΤ  |p 005300024245  |q 005300024245  |t BK  |y 0 
852 |a INST  |b SYROS  |e 20030129  |h 938.974 ΙΣΤ  |p 005500002408  |q 005500002408  |t BK  |y 0 
901 |a BIBL2-2003-3 
901 |a BIBL3-2003-1 
901 |a BIBL4-2003-1 
901 |a BIBL1-2003-2 
922 |a 1ΕΛΗ  |b 200212  |c TAK/KYB  |d Ειρμός 
950 |a 023-2002-11-29 
970 |a Κοσιέρης  |b Χρήστος  |z 03/02/2003